Republika Srpska - Statistics

General Stats
  • This quiz has been taken 388 times
  • The average score is 7 of 15
Answer Stats
Hint Answer % Correct
With what country is Republika Srpska sharing the longest border Croatia
88%
Was part of the which country that contained Serbia, Croatia, Bosnia... Yugoslavia
79%
What is the capital of Republika Srpska Banja Luka
77%
Was part of which empire that ruled for almost 5 centuries in Balkan Ottoman empire
73%
Peninsula in which Republika Srpska lies Balkan
71%
What is the river that forms the northern border with Croatia Sava
61%
Was part of which multi-ethnic empire Austria-Hungary
54%
On what river capital lies on Vrbas
48%
Second largest city in Republika Srpska Bijeljina
37%
Was part in which war during breakup of Yugoslavia that lasted from 1992-1995 Bosnian war
35%
The club Borac Banja Luka in Republika Srpska was European champion in what sport Handball
35%
Which religion is majority in Republika Srpska Orthodox Christianity
30%
What is the highest peak in Republika Srpska Maglić
23%
Rivers Vrbas and Drina are very famous in what sport Rafting
17%
Which famous footballer that plays for Slovenian national football team was born in Republika Srpska Josip Iličić
10%
No matching quizzes found
Score Distribution
Percent of People with Each Score
Percentile by Number Answered
Your Score History
You have not taken this quiz